Filosofía de la realidad histórica /

Guardat en:
Dades bibliogràfiques
Autor principal: Ellacuría, Ignacio (autor)
Altres autors: González, Antonio (prólogo) (prólogo)
Format: Llibre
Idioma:espanyol
Publicat: Madrid, España : Trotta : Fundación Xavier Zubiri, 1991, c1991
Etiquetes: Afegir etiqueta
Sense etiquetes, Sigues el primer a etiquetar aquest registre!

MARC

LEADER 00000nam^a2200000^a^4500
001 000596421
005 20250521000000.0
009 20260310133105.561
020 |a 84-87699-09-X 
037 |a Acervo Xavier Clavigero 
041 |a ESP 
091 |a FDU. 00700 
100 |a Ellacuría, Ignacio  |e (autor) 
245 1 0 |a Filosofía de la realidad histórica / 
264 4 |a Madrid, España :  |b Trotta :  |b Fundación Xavier Zubiri,  |c 1991, c1991 
300 |a 478 p. 
336 |a texto  |b txt  |2 rdacontenido 
337 |a sin mediación  |b n  |2 rdamedio 
338 |a volumen  |b nc  |2 rdasoporte 
649 |a XX 
700 |a González, Antonio  |e (prólogo) 
910 |a Fondo Víctor Raúl Durana Valerio S.J. 
920 |a Impresos - Libros 
930 |a Fondos Especiales 
905 |a 116 
901 |a 596421-10  |b IT2  |c ESP  |i D5146  |u 20250521 
902 |a https://opac.biblio.iteso.mx/vufind/Record/000596421